National Parks with Volcanoes - Statistics

General Stats
  • This quiz has been taken 21 times
  • The average score is 8 of 12
Answer Stats
Year of Last Eruption Answer % Correct
70,000 ya Yellowstone
100%
2023 Hawaii Volcanoes
93%
~1000 Mount Rainier
87%
2006 Katmai
80%
1921 Lassen Volcanic
80%
6600 ya Crater Lake
73%
2100 ya Death Valley
60%
1480-1600 Haleakala
60%
2009 Lake Clark
60%
1930 Wrangell-St Elias
60%
1866 American Samoa
40%
~1000 Grand Canyon
40%
No matching quizzes found
Score Distribution
Percent of People with Each Score
Percentile by Number Answered
Your Score History
You have not taken this quiz